[Event "Championnat de France des Jeunes - Minim"]
[Site "Aix les Bains"]
[Date "2009.04.26"]
[Round "9.14"]
[White "Gelin, Baptiste"]
[Black "Marie, Loic"]
[Result "0-1"]
[WhiteElo "1789"]
[BlackElo "1971"]
[PlyCount "84"]
[EventDate "2009.??.??"]

1. e4 d5 2. exd5 Qxd5 3. Nc3 Qa5 4. d4 Nf6 5. Bc4 Bf5 6. Bd2 c6 7. Nd5 Qd8 8.
Nxf6+ gxf6 9. Nf3 e6 10. Bf4 Bd6 11. Bxd6 Qxd6 12. Qe2 Rg8 13. Nh4 Bg6 14. Nxg6
Rxg6 15. O-O-O Qf4+ 16. Kb1 Rxg2 17. Bxe6 fxe6 18. Qxe6+ Kd8 19. d5 Rg7 20.
dxc6+ Kc7 21. cxb7 Kxb7 22. Rd8 Qg4 23. Qb3+ Kc7 24. Rhd1 Nc6 25. R8d3 Rd8 26.
Rxd8 Nxd8 27. f3 Qd4 28. c3 Qe3 29. Qd5 Nb7 30. Qc4+ Qc5 31. Qf4+ Qe5 32. Qc4+
Qc5 33. Qf4+ Qe5 34. Qd2 Qf5+ 35. Ka1 Qxf3 36. Qd4 Qg4 37. b4 Qxd4 38. cxd4 Kd6
39. Rd2 Kd5 40. a4 Nd6 41. b5 Rg4 42. Rb2 Rxd4 0-1

[Event "Championnat de France des Jeunes - Minim"]
[Site "Aix les Bains"]
[Date "2009.04.26"]
[Round "9.15"]
[White "Ane, Cedric"]
[Black "Gallant, Aurelien"]
[Result "1-0"]
[WhiteElo "2060"]
[BlackElo "1916"]
[PlyCount "53"]
[EventDate "2009.??.??"]

1. e4 c5 2. Nf3 Nc6 3. Bb5 e6 4. Bxc6 bxc6 5. b3 Ne7 6. Bb2 Ng6 7. O-O Qc7 8.
d4 cxd4 9. Qxd4 d6 10. c4 e5 11. Qc3 Be7 12. c5 O-O 13. cxd6 Bxd6 14. Nbd2 Nf4
15. Rfe1 Ba6 16. Nc4 f6 17. g3 Ne6 18. Rad1 Bc5 19. b4 Bd4 20. Qb3 Bxc4 21.
Qxc4 Bxb2 22. Qxe6+ Qf7 23. Qxc6 Qxa2 24. Qd6 Ba3 25. Ra1 Qb3 26. Re3 Bxb4 27.
Qxf8+ 1-0

[Event "Championnat de France des Jeunes - Minim"]
[Site "Aix les Bains"]
[Date "2009.04.26"]
[Round "9.1"]
[White "Neuhauser, Salome"]
[Black "Saucey, Capucine"]
[Result "1-0"]
[WhiteElo "1977"]
[BlackElo "1764"]
[PlyCount "75"]
[EventDate "2009.??.??"]

1. c4 e5 2. Nc3 Nc6 3. g3 f5 4. Bg2 Nf6 5. e3 Bb4 6. Nge2 O-O 7. O-O Bxc3 8.
Nxc3 d6 9. d4 e4 10. a3 Kh8 11. b4 d5 12. cxd5 Nxd5 13. Bb2 Nxc3 14. Bxc3 Ne7
15. Qb3 Nd5 16. Rfc1 Be6 17. Qb2 Qd7 18. b5 Rac8 19. Bf1 Rf6 20. Bb4 f4 21.
exf4 Rg6 22. Bg2 Nxf4 23. Bxe4 Nh3+ 24. Kh1 Bd5 25. f3 Bxe4 26. fxe4 Qxb5 27.
Rf1 a5 28. Bc3 Qc6 29. Rae1 b6 30. Rf7 Qe6 31. Rf5 Ng5 32. Qg2 Qb3 33. Bb2 Rc6
34. Ref1 h6 35. Rxg5 Rc2 36. Qh3 Re8 37. Rxg7 Kxg7 38. Qd7+ 1-0

[Event "Championnat de France des Jeunes - Minim"]
[Site "Aix les Bains"]
[Date "2009.04.26"]
[Round "9.2"]
[White "Haussernot, Cecile"]
[Black "Soubirou, Oriane"]
[Result "1-0"]
[WhiteElo "1924"]
[BlackElo "1855"]
[PlyCount "79"]
[EventDate "2009.??.??"]

1. Nc3 Nf6 2. e4 d6 3. d4 e5 4. d5 c6 5. Bg5 Be7 6. Bxf6 Bxf6 7. Bc4 c5 8. Nge2
a6 9. a4 g6 10. O-O O-O 11. g3 Bg7 12. f4 f5 13. Bd3 fxe4 14. Bxe4 Bf5 15. Bg2
Nd7 16. h3 Nf6 17. fxe5 dxe5 18. g4 Bxg4 19. hxg4 Nxg4 20. Rxf8+ Bxf8 21. Qe1
c4 22. Ne4 Bh6 23. Qg3 Qb6+ 24. Kh1 Qxb2 25. Rf1 Ne3 26. Nf6+ Kg7 27. Rf3 Nxg2
28. Kxg2 Rf8 29. Qh3 Bf4 30. Qxh7+ Kxf6 31. Nxf4 exf4 32. Rxf4+ Ke5 33. Qc7+
Kxd5 34. Qxc4+ Kd6 35. Rxf8 Qc1 36. Rf6+ Ke5 37. Re6+ Kf5 38. Qe4+ Kg5 39.
Rxg6+ Kh5 40. Qg4# 1-0

[Event "Championnat de France des Jeunes - Minim"]
[Site "Aix les Bains"]
[Date "2009.04.26"]
[Round "9.3"]
[White "Le Bail, Arielle"]
[Black "De Seroux, Camille"]
[Result "0-1"]
[WhiteElo "1859"]
[BlackElo "1909"]
[PlyCount "76"]
[EventDate "2009.??.??"]

1. d4 Nf6 2. c4 g6 3. Nc3 Bg7 4. e4 d6 5. f3 O-O 6. Nge2 c5 7. d5 e6 8. Ng3
exd5 9. cxd5 h5 10. Bg5 Qb6 11. Qd2 Nh7 12. Na4 Qb4 13. Be7 Qxa4 14. Bxd6 Re8
15. Bd3 Qd4 16. Ne2 Qxb2 17. Qxb2 Bxb2 18. Rb1 Bg7 19. Bxc5 Nd7 20. Bb5 Nhf6
21. Bd4 a6 22. Ba4 b5 23. Bb3 Ne5 24. O-O Bb7 25. Nc3 Nfd7 26. f4 Nf3+ 27. Rxf3
Bxd4+ 28. Kh1 Rac8 29. Ne2 Rxe4 30. Rd3 Bg7 31. Rd2 Rce8 32. Bd1 Rxf4 33. Kg1
Rf5 34. Bb3 Bh6 35. Rc2 Bxd5 36. Rd1 Bxb3 37. axb3 Nc5 38. Ng3 Rfe5 0-1

[Event "Championnat de France des Jeunes - Minim"]
[Site "Aix les Bains"]
[Date "2009.04.26"]
[Round "9.4"]
[White "Thuret, Marine"]
[Black "Lefevre, Margaux"]
[Result "1-0"]
[WhiteElo "1764"]
[BlackElo "2021"]
[PlyCount "61"]
[EventDate "2009.??.??"]

1. d4 Nf6 2. Nc3 d5 3. Bg5 e6 4. f3 c5 5. e4 dxe4 6. d5 exf3 7. Qxf3 Be7 8.
Bb5+ Nbd7 9. dxe6 fxe6 10. Qh3 Qb6 11. a4 a6 12. a5 Qd6 13. Be2 Nd5 14. Bh5+
Kd8 15. Bxe7+ Qxe7 16. Nge2 N7f6 17. Bf3 Bd7 18. O-O-O Rc8 19. g4 Bc6 20. Qg3
Qc7 21. Nf4 Qf7 22. Rhe1 Bd7 23. g5 Ne8 24. Nfxd5 exd5 25. Bxd5 Qg6 26. Bxb7
Rc7 27. Be4 Qf7 28. Nd5 Rb7 29. Nb6 Qa2 30. Rxd7+ Rxd7 31. Qb8+ 1-0

[Event "Championnat de France des Jeunes - Minim"]
[Site "Aix les Bains"]
[Date "2009.04.26"]
[Round "9.5"]
[White "Copin, Oceane"]
[Black "Kohi, Camilla"]
[Result "0-1"]
[WhiteElo "1790"]
[BlackElo "1843"]
[PlyCount "137"]
[EventDate "2009.??.??"]

1. d4 Nf6 2. Nf3 g6 3. Bg5 Bg7 4. e3 d6 5. c3 O-O 6. Be2 a6 7. a4 Nbd7 8. O-O
c5 9. Nbd2 Rb8 10. Qc2 b5 11. axb5 axb5 12. Rfd1 Qb6 13. e4 Bb7 14. h3 b4 15.
Qd3 cxd4 16. cxd4 Rfc8 17. Rdc1 Rxc1+ 18. Rxc1 Ra8 19. Qb5 Ra2 20. e5 Bxf3 21.
Nxf3 dxe5 22. dxe5 Ne4 23. Rc8+ Bf8 24. Qxb6 Nxb6 25. Rb8 Nxg5 26. Nxg5 Rxb2
27. Rxb6 Rxe2 28. Rxb4 Rxe5 29. Nf3 Re2 30. Kf1 Rc2 31. Rb7 h6 32. Ne5 Rd2 33.
Rd7 Rd6 34. Rxd6 exd6 35. Nc4 f5 36. Ke2 Kf7 37. Kd3 Ke6 38. Ne3 f4 39. Nd1 Bg7
40. Ke4 Be5 41. f3 d5+ 42. Kd3 Kf5 43. Nf2 h5 44. Ke2 Bd4 45. Nd3 Be3 46. Nb4
d4 47. Nc2 Kg5 48. Nb4 Kh4 49. Nd3 Kg3 50. Kf1 g5 51. Ne5 Bd2 52. Nd3 Bc3 53.
Ne5 Bd2 54. Nd3 g4 55. hxg4 hxg4 56. Ne5 gxf3 57. gxf3 Bc3 58. Ke2 Bb4 59. Nd3
Bd6 60. Nc1 Kh4 61. Nd3 Kg5 62. Nc1 Kf5 63. Kd3 Be5 64. Nb3 Kg5 65. Nxd4 Bxd4
66. Kxd4 Kh4 67. Kd3 Kh3 68. Kd4 Kg2 69. Ke4 0-1

[Event "Championnat de France des Jeunes - Minim"]
[Site "Aix les Bains"]
[Date "2009.04.26"]
[Round "9.6"]
[White "Armas, Lena"]
[Black "Auvray, Juliette"]
[Result "0-1"]
[WhiteElo "1814"]
[BlackElo "1921"]
[PlyCount "100"]
[EventDate "2009.??.??"]

1. e4 c6 2. Nf3 d5 3. exd5 cxd5 4. d4 Nc6 5. c4 Nf6 6. Nc3 Bg4 7. Be3 e6 8. Be2
Be7 9. O-O O-O 10. h3 Bxf3 11. Bxf3 dxc4 12. Bxc6 bxc6 13. Qa4 Rb8 14. Rab1 Qc7
15. Qxc4 Rfd8 16. a3 Nd5 17. Ne4 e5 18. dxe5 Qxe5 19. Bxa7 Rxb2 20. Bd4 Qxe4
21. Rxb2 Nf4 22. f3 Qxd4+ 23. Qxd4 Rxd4 24. Re1 Bxa3 25. Rc2 Bf8 26. Rxc6 Rd2
27. Re4 g5 28. h4 Ne2+ 29. Kh2 h6 30. hxg5 hxg5 31. Rf6 Kg7 32. Ra6 Nf4 33. Kh1
Bd6 34. Rea4 Rd1+ 35. Kh2 Ne6+ 36. Kh3 Rh1+ 37. Kg4 Kg6 38. Rxd6 Rh4+ 39. Kg3
Rxa4 40. Rd2 f5 41. Re2 Kf6 42. Rb2 Rd4 43. Rc2 Nf4 44. Rc6+ Ke5 45. Rc5+ Rd5
46. Rc2 Kd4 47. Ra2 Ke3 48. Ra3+ Rd3 49. Ra5 Rd2 50. Ra3+ Kd4 0-1

[Event "Championnat de France des Jeunes - Minim"]
[Site "Aix les Bains"]
[Date "2009.04.26"]
[Round "9.7"]
[White "Alonso, Audrey"]
[Black "Benac, Anais"]
[Result "1-0"]
[WhiteElo "1774"]
[BlackElo "1680"]
[PlyCount "91"]
[EventDate "2009.??.??"]

1. e4 e5 2. Nf3 Nc6 3. Bb5 a6 4. Bxc6 dxc6 5. Nc3 Bd6 6. d4 exd4 7. Qxd4 f6 8.
O-O Ne7 9. Re1 Be5 10. Qxd8+ Kxd8 11. Nxe5 fxe5 12. f4 exf4 13. Rd1+ Bd7 14.
Bxf4 Kc8 15. Rd2 h6 16. h3 b6 17. Rad1 Be6 18. Ne2 c5 19. Be5 Rg8 20. Nf4 Nc6
21. Nxe6 Nxe5 22. Rd5 Nc6 23. Rd7 Re8 24. Rxc7+ Kb8 25. Rxc6 Kb7 26. Rc7+ Kb8
27. Rxg7 Ra7 28. Rxa7 Kxa7 29. Rd7+ Kb8 30. Rd8+ Rxd8 31. Nxd8 Kc7 32. Nf7 h5
33. g4 hxg4 34. hxg4 Kd7 35. Kf2 Ke6 36. Ng5+ Kf6 37. Nf3 b5 38. Ke3 a5 39. e5+
Ke6 40. Ke4 a4 41. g5 b4 42. g6 c4 43. g7 Kf7 44. Kd4 b3 45. cxb3 axb3 46. a4
1-0

[Event "Championnat de France des Jeunes - Minim"]
[Site "Aix les Bains"]
[Date "2009.04.26"]
[Round "9.8"]
[White "Pinault, Mailys"]
[Black "Lenoel, Marine"]
[Result "1-0"]
[WhiteElo "1686"]
[BlackElo "1687"]
[PlyCount "113"]
[EventDate "2009.??.??"]

1. e4 e5 2. Nf3 Nc6 3. d4 exd4 4. Bc4 Nf6 5. O-O d5 6. exd5 Nxd5 7. Re1+ Be7 8.
Nxd4 Nxd4 9. Qxd4 Be6 10. Bxd5 Qxd5 11. Qxd5 Bxd5 12. Nc3 Be6 13. Nb5 Bd6 14.
Nd4 O-O-O 15. Nxe6 Rde8 16. Bd2 Rxe6 17. Rxe6 fxe6 18. Bc3 Rg8 19. Re1 Kd7 20.
g3 g6 21. Re4 Rf8 22. h4 b6 23. Rg4 Rf5 24. Re4 e5 25. g4 Rf4 26. Rxf4 exf4 27.
Kg2 h6 28. Kf3 Ke6 29. Bg7 Be7 30. Bxh6 Bxh4 31. Bxf4 c6 32. Bb8 a6 33. Ba7 Bd8
34. Bb8 Kd5 35. Ke3 Bf6 36. b3 b5 37. f4 c5 38. Kd3 c4+ 39. bxc4+ bxc4+ 40. Ke3
Bd4+ 41. Kf3 Bf6 42. Ba7 Bg7 43. f5 g5 44. Bb6 Bf6 45. Ke3 Be7 46. Bd4 a5 47.
a4 Bd6 48. Bb6 Bb4 49. Bd8 Bc5+ 50. Ke2 Ke4 51. Bxg5 Bf8 52. f6 c3 53. Be3 Ke5
54. g5 Kf5 55. Kd3 Bb4 56. Kc4 Kg6 57. Bc5 1-0

[Event "Championnat de France des Jeunes - Minim"]
[Site "Aix les Bains"]
[Date "2009.04.26"]
[Round "9.9"]
[White "Llacer, Cassandra"]
[Black "Turquetille, Annabelle"]
[Result "1/2-1/2"]
[WhiteElo "1910"]
[BlackElo "1590"]
[PlyCount "34"]
[EventDate "2009.??.??"]

1. e4 c5 2. Nc3 Nc6 3. g3 g6 4. Bg2 Bg7 5. d3 e6 6. Be3 d6 7. Qd2 Rb8 8. Rb1 b5
9. a3 a5 10. f4 Nge7 11. Nf3 Nd4 12. Ne2 Qb6 13. O-O O-O 14. c3 Nb3 15. Qd1 a4
16. Nd2 Nxd2 17. Qxd2 Rd8 1/2-1/2

[Event "Championnat de France des Jeunes - Minim"]
[Site "Aix les Bains"]
[Date "2009.04.26"]
[Round "9.10"]
[White "Perrier, Lea"]
[Black "Guo, Charlotte"]
[Result "1-0"]
[WhiteElo "1596"]
[BlackElo "1713"]
[PlyCount "99"]
[EventDate "2009.??.??"]

1. e4 e5 2. Nc3 Nf6 3. f4 d5 4. fxe5 Nxe4 5. Nf3 Nc6 6. Qe2 Nxc3 7. dxc3 Be7 8.
Bf4 Be6 9. Nd4 Qd7 10. O-O-O O-O-O 11. Qf2 Bg4 12. Rd2 Bc5 13. Bb5 Bxd4 14.
cxd4 a6 15. Be2 Bxe2 16. Qxe2 Qe6 17. Re1 Ne7 18. Bg5 Rd7 19. Bxe7 Rxe7 20. Qf3
Qc6 21. Qg4+ Kb8 22. Qxg7 Qe8 23. Rde2 Qg8 24. Qxg8+ Rxg8 25. g3 Rg6 26. c3 Kc8
27. Kd2 Kd7 28. Re3 Rh6 29. R1e2 b6 30. g4 Rg6 31. h3 c5 32. Rg2 cxd4 33. cxd4
Rc6 34. g5 Re8 35. Rf2 Re7 36. Rf6 Rxf6 37. gxf6 Re8 38. Rg3 Rh8 39. Ke3 Ke6
40. Kf4 Rc8 41. Rc3 Rc4 42. Rxc4 dxc4 43. Ke4 b5 44. d5+ Kd7 45. Kd4 a5 46. b3
cxb3 47. axb3 b4 48. Kc4 Kc7 49. Kb5 a4 50. Kxa4 1-0

[Event "Championnat de France des Jeunes - Minim"]
[Site "Aix les Bains"]
[Date "2009.04.26"]
[Round "9.11"]
[White "Bertin, Cecile"]
[Black "Seelen, Amandine"]
[Result "0-1"]
[WhiteElo "1510"]
[BlackElo "1694"]
[PlyCount "84"]
[EventDate "2009.??.??"]

1. e4 e6 2. d4 d5 3. Nc3 Nf6 4. e5 Nfd7 5. f4 c5 6. Be3 Nc6 7. Nf3 cxd4 8. Nxd4
Bb4 9. a3 Bxc3+ 10. bxc3 Qa5 11. Nb5 O-O 12. Bd2 Qb6 13. Bd3 Nc5 14. Nd6 Nxd3+
15. cxd3 d4 16. c4 f6 17. Rb1 Qc7 18. Nb5 Qf7 19. O-O Qg6 20. Qe2 b6 21. Qf3
Bd7 22. Qe2 Rad8 23. Bb4 Nxb4 24. Rxb4 Bxb5 25. Rxb5 fxe5 26. Rxe5 Rd6 27. c5
bxc5 28. Rxc5 Ra6 29. Re5 Rxa3 30. Rxe6 Qxd3 31. Qe5 Qe3+ 32. Qxe3 Rxe3 33. Ra6
Ra8 34. f5 Re5 35. Rf4 Rd5 36. Kf2 d3 37. Ke1 Re8+ 38. Re6 d2+ 39. Kd1 Rc8 40.
Rfe4 Rc1+ 41. Ke2 d1=Q+ 42. Kf2 Rd3 0-1

[Event "Championnat de France des Jeunes - Minim"]
[Site "Aix les Bains"]
[Date "2009.04.26"]
[Round "9.12"]
[White "Josse, Mathilde"]
[Black "Briatte, Coline"]
[Result "1-0"]
[WhiteElo "1681"]
[BlackElo "1400"]
[PlyCount "60"]
[EventDate "2009.??.??"]

1. e4 c5 2. Nf3 d6 3. Bb5+ Bd7 4. Bxd7+ Nxd7 5. d4 cxd4 6. Nxd4 Ngf6 7. Nc3 a6
8. O-O e6 9. Be3 Be7 10. Qe2 O-O 11. Rad1 Rc8 12. f4 b5 13. a3 Qc7 14. Bf2 Rfd8
15. Kh1 Nb6 16. Na2 Nc4 17. c3 a5 18. Rfe1 d5 19. e5 Ne4 20. Nxb5 Qb7 21. a4
Nxf2+ 22. Qxf2 Bc5 23. Qe2 Qe7 24. b3 Ne3 25. Rd3 Nf5 26. Rh3 h6 27. Nc1 Be3
28. Rxe3 Nxe3 29. Qxe3 Rb8 30. Ne2 Rdc8 1-0

[Event "Championnat de France des Jeunes - Minim"]
[Site "Aix les Bains"]
[Date "2009.04.26"]
[Round "9.13"]
[White "Bourdaim, Hanna"]
[Black "Colin, Phanie"]
[Result "0-1"]
[WhiteElo "1400"]
[BlackElo "1800"]
[PlyCount "93"]
[EventDate "2009.??.??"]

1. e4 c5 2. Nf3 d6 3. Bc4 Nf6 4. d3 g6 5. c3 Bg7 6. Nbd2 O-O 7. O-O Nc6 8. Re1
Qc7 9. Nf1 Na5 10. Bd5 e6 11. Bb3 Nxb3 12. Qxb3 a6 13. a4 Bd7 14. a5 Bc6 15.
Bf4 Nh5 16. Be3 Rab8 17. Qc4 Bb5 18. Qb3 Bxd3 19. Bc1 Bxf1 20. Rxf1 Rbd8 21.
Bg5 Rd7 22. Rfe1 h6 23. Bh4 d5 24. g4 Nf6 25. Bg3 Qd8 26. Ne5 Re7 27. exd5 exd5
28. Qa3 Ne4 29. Nd3 Nxg3 30. fxg3 Rxe1+ 31. Rxe1 c4 32. Nc5 b6 33. Nb7 Qb8 34.
Re7 bxa5 35. Qxa5 Re8 36. Rxe8+ Qxe8 37. Qxd5 Qe1+ 38. Kg2 Qe2+ 39. Kh3 Qxb2
40. Nd6 Qxc3 41. Qxf7+ Kh7 42. Nxc4 a5 43. Kh4 a4 44. Qe6 Qc2 45. h3 Qc3 46. g5
Qd4+ 47. Qg4 0-1

[Event "Championnat de France des Jeunes - Minim"]
[Site "Aix les Bains"]
[Date "2009.04.26"]
[Round "9.14"]
[White "Uhl, Sarah"]
[Black "Vedrenne, Louise"]
[Result "1/2-1/2"]
[WhiteElo "1729"]
[BlackElo "1530"]
[PlyCount "52"]
[EventDate "2009.??.??"]

1. e4 e5 2. Nf3 Nc6 3. Bc4 Be7 4. O-O Nf6 5. d3 O-O 6. c3 d6 7. h3 Kh8 8. Ng5
Kg8 9. f4 h6 10. Nf3 Be6 11. fxe5 Nxe5 12. Nxe5 dxe5 13. Bxe6 fxe6 14. Qe2 c6
15. Be3 Qc7 16. Nd2 Rad8 17. Nb3 b6 18. Rad1 c5 19. Kh1 Rd7 20. Bg1 Rfd8 21. d4
exd4 22. cxd4 Qc6 23. Rfe1 Rc7 24. Bh2 Rcd7 25. Bg1 Rc7 26. Bh2 Rcd7 1/2-1/2

[Event "Championnat de France des Jeunes - Minim"]
[Site "Aix les Bains"]
[Date "2009.04.26"]
[Round "9.15"]
[White "Gassama, Aissatou"]
[Black "Auffret, Gaelle"]
[Result "1/2-1/2"]
[WhiteElo "1520"]
[BlackElo "1667"]
[PlyCount "51"]
[EventDate "2009.??.??"]

1. e4 e6 2. d4 d5 3. e5 c5 4. Nf3 Nc6 5. c3 Bd7 6. Be3 Qb6 7. b3 cxd4 8. Nxd4
Qc7 9. Nxc6 Bxc6 10. Nd2 Qxe5 11. Rc1 Nf6 12. Nf3 Qc7 13. Be2 Bd6 14. a3 O-O
15. O-O Rac8 16. Qd2 Ng4 17. Bd3 e5 18. Bf5 Nxe3 19. Qxe3 Bd7 20. Bxd7 Qxd7 21.
Nxe5 Bxe5 22. Qxe5 Rfe8 23. Qh5 Re6 24. Rfd1 Rd6 25. Rd4 Qc6 26. c4 1/2-1/2

[Event "Championnat de France des Jeunes - Benja"]
[Site "Aix les Bains"]
[Date "2009.04.26"]
[Round "9.1"]
[White "Gueriche, Guillaume"]
[Black "Moussard, Jules"]
[Result "0-1"]
[WhiteElo "1972"]
[BlackElo "2276"]
[PlyCount "60"]
[EventDate "2009.??.??"]

1. Nf3 g6 2. c4 Bg7 3. Nc3 d6 4. g3 Nc6 5. Bg2 e5 6. d3 f5 7. Bg5 Nf6 8. Nd5 h6
9. Bxf6 Bxf6 10. Nxf6+ Qxf6 11. O-O O-O 12. b4 g5 13. b5 Ne7 14. Nd2 f4 15. Qb3
Nf5 16. c5+ Kh8 17. Qb2 Qg7 18. Nc4 Be6 19. Bxb7 Rab8 20. Bg2 Nd4 21. a4 Bxc4
22. dxc4 e4 23. Rfb1 f3 24. e3 Ne2+ 25. Kh1 dxc5 26. Bf1 Rbd8 27. Bxe2 fxe2 28.
Qxe2 Qc3 29. Qb2 Rd1+ 30. Kg2 Qxb2 0-1

[Event "Championnat de France des Jeunes - Benja"]
[Site "Aix les Bains"]
[Date "2009.04.26"]
[Round "9.2"]
[White "Giroyan, Gary"]
[Black "Lemeille, Francois"]
[Result "1-0"]
[WhiteElo "2168"]
[BlackElo "1931"]
[PlyCount "77"]
[EventDate "2009.??.??"]

1. e4 c5 2. Nf3 d6 3. d4 cxd4 4. Nxd4 Nf6 5. Nc3 a6 6. Bc4 e6 7. Bb3 Nbd7 8.
Bg5 Nc5 9. f4 Be7 10. Qf3 h6 11. Bxf6 Bxf6 12. O-O-O Qc7 13. Kb1 Bd7 14. Rhe1
O-O-O 15. Qg3 g5 16. f5 b5 17. Qf3 Be5 18. Qh5 b4 19. Nce2 Nxe4 20. fxe6 fxe6
21. Nxe6 Bxe6 22. Bxe6+ Kb8 23. Nd4 Nc5 24. Bd5 Bxd4 25. Rxd4 Qb6 26. Rdd1 Na4
27. Re7 Nc5 28. Qg6 a5 29. Bf3 a4 30. Qf7 Rhf8 31. Qd5 Rxf3 32. Qxf3 a3 33. b3
Nd7 34. Qd5 Nf6 35. Qd4 Qxd4 36. Rxd4 Rf8 37. Rxb4+ Kc8 38. Ra4 Kd8 39. Re1 1-0

[Event "Championnat de France des Jeunes - Benja"]
[Site "Aix les Bains"]
[Date "2009.04.26"]
[Round "9.3"]
[White "Kirk, Ezra"]
[Black "Loiseau, Quentin"]
[Result "0-1"]
[WhiteElo "1884"]
[BlackElo "2076"]
[PlyCount "44"]
[EventDate "2009.??.??"]

1. d4 Nf6 2. c4 g6 3. Nc3 Bg7 4. e4 d6 5. Nf3 O-O 6. g3 c5 7. d5 e5 8. Bg2 Ne8
9. O-O f5 10. Bg5 Qd7 11. Qd2 Qf7 12. Bh6 f4 13. Bxg7 Qxg7 14. h3 g5 15. g4 h5
16. Nh2 hxg4 17. Nxg4 f3 18. Bh1 Rf4 19. Qxf4 gxf4 20. Bxf3 Nf6 21. Kh2 Bxg4
22. hxg4 Qg5 0-1

[Event "Championnat de France des Jeunes - Benja"]
[Site "Aix les Bains"]
[Date "2009.04.26"]
[Round "9.4"]
[White "Paci, Nicolas"]
[Black "Barbot, Pierre"]
[Result "0-1"]
[WhiteElo "1825"]
[BlackElo "2050"]
[PlyCount "126"]
[EventDate "2009.??.??"]

1. Nf3 c5 2. g3 Nf6 3. Bg2 g6 4. O-O Bg7 5. d3 d5 6. Nbd2 O-O 7. e4 Nc6 8. c3
e5 9. Qc2 h6 10. exd5 Nxd5 11. Nc4 Be6 12. Re1 Qc7 13. Qe2 Bg4 14. h3 Bxf3 15.
Bxf3 Rad8 16. Ne3 Nb6 17. Nc4 f5 18. Be3 Nxc4 19. dxc4 e4 20. Bg2 b6 21. Bf4
Qc8 22. h4 Kh7 23. f3 exf3 24. Bxf3 Rfe8 25. Qc2 Ne5 26. Kg2 Nxc4 27. Rxe8 Rxe8
28. Qa4 Nxb2 29. Qxa7 Nd3 30. Qxb6 Nxf4+ 31. gxf4 Qb8 32. Qxb8 Rxb8 33. a4 Bxc3
34. Ra2 Ba5 35. Rc2 Rc8 36. Bd5 Kg7 37. Bc4 Bb4 38. Re2 Rc7 39. Re8 Ra7 40. Bb5
Kf7 41. Rh8 Re7 42. Rh7+ Kf6 43. Rxe7 Kxe7 44. Kf3 Be1 45. h5 gxh5 46. Ke2 Bb4
47. Kf2 h4 48. Kf3 Kd6 49. Bc4 Bd2 50. Ba6 Ke7 51. Bc4 h3 52. Kg3 h2 53. Kxh2
Bxf4+ 54. Kh3 Bd2 55. Kh4 Kf6 56. Kh5 Ke5 57. a5 Bxa5 58. Kxh6 Kd4 59. Bb5 Bd2+
60. Kg6 f4 61. Kf5 c4 62. Bc6 c3 63. Be4 f3 0-1

[Event "Championnat de France des Jeunes - Benja"]
[Site "Aix les Bains"]
[Date "2009.04.26"]
[Round "9.5"]
[White "Grandadam, Patrick"]
[Black "Bapst, Valentin"]
[Result "0-1"]
[WhiteElo "2055"]
[BlackElo "1702"]
[PlyCount "56"]
[EventDate "2009.??.??"]

1. Nf3 Nf6 2. c4 g6 3. Nc3 d5 4. cxd5 Nxd5 5. Qa4+ Bd7 6. Qb3 Nb6 7. d4 Be6 8.
Qc2 Bg7 9. e4 Bg4 10. Ne5 Bd7 11. Nxd7 N8xd7 12. Be3 O-O 13. Rd1 e6 14. Be2 Qe7
15. O-O Rac8 16. d5 Rfd8 17. Qb3 exd5 18. exd5 Be5 19. Rfe1 Nf6 20. Bf3 Bxc3
21. Qxc3 Nfxd5 22. Bxd5 Nxd5 23. Rxd5 Rxd5 24. Bh6 Qxe1+ 25. Qxe1 Rcd8 26. Bg5
Rd1 27. Kf1 Rxe1+ 28. Kxe1 Rd5 0-1

[Event "Championnat de France des Jeunes - Benja"]
[Site "Aix les Bains"]
[Date "2009.04.26"]
[Round "9.6"]
[White "Neri, Jean-Baptiste"]
[Black "Rouffignac, Tanguy"]
[Result "1-0"]
[WhiteElo "2009"]
[BlackElo "1671"]
[PlyCount "139"]
[EventDate "2009.??.??"]

1. e4 e5 2. Nf3 Nc6 3. Bb5 a6 4. Ba4 Nf6 5. d3 b5 6. Bb3 Bc5 7. c3 d6 8. h3 Bb7
9. Nbd2 O-O 10. Nf1 Ne7 11. Ng3 Ng6 12. O-O Bb6 13. Bc2 h6 14. d4 Re8 15. d5 c6
16. dxc6 Bxc6 17. Re1 Nf4 18. Be3 d5 19. Nd2 Ng6 20. Bxb6 Qxb6 21. exd5 Bxd5
22. Bxg6 fxg6 23. Nde4 Rad8 24. Qc2 Nxe4 25. Nxe4 Rf8 26. Ng3 Rde8 27. Rad1 Bb7
28. Re3 Qc6 29. f3 Qb6 30. Rde1 Rf4 31. Kh1 Ref8 32. Ne4 Kh7 33. c4 bxc4 34.
Rc3 Bxe4 35. Rxe4 Rxe4 36. Qxe4 Qxb2 37. Qxc4 Rf4 38. Qb3 Qd2 39. Rc8 Qe1+ 40.
Kh2 h5 41. Qg8+ Kh6 42. Qh8+ Kg5 43. Qxg7 h4 44. Qe7+ Rf6 45. f4+ Kf5 46. Qd7+
Re6 47. Qd3+ Kf6 48. Qd8+ Re7 49. Rc6+ Kf5 50. Qd3+ e4 51. Qd5+ Kxf4 52. Rf6+
Ke3 53. Qc5+ Ke2 54. Rxg6 Rd7 55. Rg4 e3 56. Qc4+ Kd2 57. Rxh4 e2 58. Qb4+ Kd1
59. Qb3+ Kd2 60. Qb4+ Kd1 61. Qa4+ Kc1 62. Qc6+ Kb1 63. Qe4+ Kb2 64. Qe5+ Ka3
65. Re4 Rd1 66. Re3+ Kb4 67. Qe4+ Kc5 68. Rxe2 Qg1+ 69. Kg3 Rc1 70. Qe3+ 1-0

[Event "Championnat de France des Jeunes - Benja"]
[Site "Aix les Bains"]
[Date "2009.04.26"]
[Round "9.7"]
[White "Luciani, Thibault"]
[Black "Aubry, Yannis"]
[Result "0-1"]
[WhiteElo "1864"]
[BlackElo "1932"]
[PlyCount "88"]
[EventDate "2009.??.??"]

1. e4 e5 2. Nf3 Nc6 3. Bc4 Bc5 4. c3 Nf6 5. d4 exd4 6. cxd4 Bb4+ 7. Nc3 Nxe4 8.
O-O Bxc3 9. d5 Bf6 10. Re1 Ne7 11. Rxe4 d6 12. Bg5 Bxg5 13. Nxg5 h6 14. Qe2
hxg5 15. Re1 Be6 16. dxe6 f5 17. Re3 g4 18. Rd1 d5 19. Bxd5 Nxd5 20. Qb5+ c6
21. Qxb7 O-O 22. e7 Qb6 23. Qxb6 axb6 24. exf8=Q+ Kxf8 25. Ra3 Rxa3 26. bxa3
Ke7 27. Kf1 Kd6 28. Ke1 Kc5 29. Rc1+ Kd6 30. Kd2 b5 31. g3 g5 32. Kd3 Nf6 33.
Ke3 Nd5+ 34. Kd4 Nc7 35. Rh1 c5+ 36. Kd3 Kd5 37. h4 c4+ 38. Ke2 gxh4 39. gxh4
Ke4 40. h5 Nd5 41. h6 Nf4+ 42. Kf1 c3 43. Ke1 Kd3 44. Rg1 Ne2 0-1

[Event "Championnat de France des Jeunes - Benja"]
[Site "Aix les Bains"]
[Date "2009.04.26"]
[Round "9.8"]
[White "Perrois, Aurelien"]
[Black "Feryn, Benjamin"]
[Result "0-1"]
[WhiteElo "1840"]
[BlackElo "1920"]
[PlyCount "96"]
[EventDate "2009.??.??"]

1. d4 Nf6 2. c4 g6 3. Nc3 Bg7 4. e4 d6 5. Nf3 O-O 6. Be2 e5 7. O-O Nc6 8. d5
Ne7 9. Ne1 Nd7 10. Nd3 f5 11. Bd2 Nf6 12. f3 f4 13. g4 c6 14. Be1 h5 15. h3 Kf7
16. Bf2 Nh7 17. Kg2 Ng5 18. Rh1 c5 19. b4 b6 20. a4 Kg8 21. Qb3 hxg4 22. hxg4
Bxg4 23. bxc5 bxc5 24. Bh4 Bxf3+ 25. Bxf3 Nxf3 26. Kxf3 Kf7 27. Qb7 Bf6 28.
Bxf6 Kxf6 29. Rh7 Rb8 30. Qxa7 Ra8 31. Qb7 Rb8 32. Qa6 Ra8 33. Qb5 Rb8 34. Qa6
Ra8 35. Qb7 Rb8 36. Qa7 Ra8 37. Qb7 Rb8 38. Qxe7+ Qxe7 39. Rxe7 Kxe7 40. Nb5
Ra8 41. Rh1 Rh8 42. Rg1 Rh3+ 43. Ke2 Rxa4 44. Rxg6 Ra2+ 45. Kd1 Rxd3+ 46. Kc1
Rg3 47. Re6+ Kf8 48. Kb1 Rf2 0-1

[Event "Championnat de France des Jeunes - Benja"]
[Site "Aix les Bains"]
[Date "2009.04.26"]
[Round "9.9"]
[White "Karcenty, Louis"]
[Black "Roubaud, Alexandre"]
[Result "0-1"]
[WhiteElo "1840"]
[BlackElo "2074"]
[PlyCount "56"]
[EventDate "2009.??.??"]

1. Nf3 Nf6 2. c4 e6 3. g3 d5 4. Bg2 c5 5. O-O Nc6 6. cxd5 exd5 7. d4 h6 8. h3
Be6 9. a3 Qd7 10. h4 Rc8 11. dxc5 a5 12. Nc3 Bxc5 13. Bf4 d4 14. Na4 Ba7 15.
Rc1 O-O 16. Nc5 Bxc5 17. Rxc5 Qe7 18. Rc1 Rfd8 19. Ne5 Bd5 20. Nxc6 bxc6 21.
Bh3 Be6 22. Bxe6 Qxe6 23. Rc5 Rd5 24. Rc2 Qh3 25. f3 g5 26. hxg5 hxg5 27. Bc1
Qxg3+ 28. Kh1 Kg7 0-1